00785cam a2200169 a 450000500170000000800410001704000230005804100080008104400070008908200180009611000140011424503030012826000400043130000330047161000640050465000470056820160206105341.0001031s1996 ck rl f00010 spa d ala cladCO-BoIAVH0 aspa ack04a333.7 bC65l 1 aColombia.10aLey 99 de 1993 (diciembre 22)bpor la cual se crea el Ministerio del Medio Ambiente, se reordena el sector público encargado de la gestión y conservación del medio ambiente y los recursos naturales renovables, se organiza el Sistema Nacional Ambiental - SINA - y se dictan otras disposiciones aBogotá : bEl Ministerio, c1996. a90 páginas ; c20 x 14 cm.1 aColombia. bMinisterio del Medio Ambientex Organización. 6aMedio ambientez Colombiax Legislación.